000
00306nam a22001217a 4500
003
SGT
082
_a
320
_b
J06S
100
_a
शुक्ल, लक्ष्मीकांत
245
_a
जातिराज
260
_b
मेधा प्रकाशन
_c
2006
300
_a
286
942
_2
ddc
_c
BK
999
_c
31892
_d
31892